<?xml version="1.0" encoding="UTF-8"?><?xml-stylesheet type="text/xsl" href="static/style.xsl"?><OAI-PMH xmlns="http://www.openarchives.org/OAI/2.0/" xmlns:xsi="http://www.w3.org/2001/XMLSchema-instance" xsi:schemaLocation="http://www.openarchives.org/OAI/2.0/ http://www.openarchives.org/OAI/2.0/OAI-PMH.xsd"><responseDate>2026-06-01T11:55:13Z</responseDate><request verb="GetRecord" identifier="oai:riuma.uma.es:10630/25019" metadataPrefix="marc">https://riuma.uma.es/rest/oai/request</request><GetRecord><record><header><identifier>oai:riuma.uma.es:10630/25019</identifier><datestamp>2026-02-03T11:03:40Z</datestamp><setSpec>com_10630_2254</setSpec><setSpec>col_10630_37953</setSpec></header><metadata><record xmlns="http://www.loc.gov/MARC21/slim" xmlns:dcterms="http://purl.org/dc/terms/" xmlns:doc="http://www.lyncode.com/xoai" xmlns:xsi="http://www.w3.org/2001/XMLSchema-instance" xsi:schemaLocation="http://www.loc.gov/MARC21/slim http://www.loc.gov/standards/marcxml/schema/MARC21slim.xsd">
   <leader>00925njm 22002777a 4500</leader>
   <datafield ind2=" " ind1=" " tag="042">
      <subfield code="a">dc</subfield>
   </datafield>
   <datafield ind2=" " ind1=" " tag="720">
      <subfield code="a">Fúnez Núñez, Inmaculada</subfield>
      <subfield code="e">author</subfield>
   </datafield>
   <datafield ind2=" " ind1=" " tag="720">
      <subfield code="a">García-Sancho, Cristina</subfield>
      <subfield code="e">author</subfield>
   </datafield>
   <datafield ind2=" " ind1=" " tag="720">
      <subfield code="a">Cecilia-Buenestado, Juan Antonio</subfield>
      <subfield code="e">author</subfield>
   </datafield>
   <datafield ind2=" " ind1=" " tag="720">
      <subfield code="a">Moreno-Tost, Ramón</subfield>
      <subfield code="e">author</subfield>
   </datafield>
   <datafield ind2=" " ind1=" " tag="720">
      <subfield code="a">Serrano Cantador, Luis</subfield>
      <subfield code="e">author</subfield>
   </datafield>
   <datafield ind2=" " ind1=" " tag="720">
      <subfield code="a">Maireles-Torres, Pedro Jesús</subfield>
      <subfield code="e">author</subfield>
   </datafield>
   <datafield ind2=" " ind1=" " tag="260">
      <subfield code="c">2020-06-24</subfield>
   </datafield>
   <datafield ind2=" " ind1=" " tag="520">
      <subfield code="a">Olive stones were employed as feedstock for furfural production in two stages: 1) autohydrolysis of hemicellulosic fraction to recover their pentoses, mainly xylose, and 2) subsequent dehydration of pentoses into furfural. Autohydrolysis step was optimized by using different experimental conditions (temperature: 160-200 ºC and time: 30-75 min), giving rise to liquors with different xylose concentrations, since hydrolysis was incomplete in some cases. The combined use of a commercial γ-Al2O3 and CaCl2 led to total hydrolysis of non-hydrolyzed pentosans after autohydrolysis step, and the subsequent dehydration of pentoses into furfural. The maximum values of furfural yield and efficiency were 23 and 96%, respectively, after only 60 minutes at 150 ºC by using liquor obtained by autohydrolysis at 180 ºC and 30 min (L5.1) as source of pentoses. This liquor, L5.1, provided better catalytic results than other liquors which had shown higher xylose concentration after autohydrolysis, probably due to these latter also exhibited a higher concentration of organic acids; thus, the presence of organic acids such as acetic and lactic acid could promote side undesired reactions leading to lower furfural yields. Finally, γ-Al2O3 was more effective for furfural production under these experimental conditions than other solid acid catalysts, such as mesoporous Nb2O5, Nb-doped SBA-15 and Zr-doped HMS silicas, probably due to alumina has a higher density of acid sites.</subfield>
   </datafield>
   <datafield ind1="8" ind2=" " tag="024">
      <subfield code="a">https://hdl.handle.net/10630/25019</subfield>
   </datafield>
   <datafield ind1="8" ind2=" " tag="024">
      <subfield code="a">10.1016/j.psep.2020.06.033</subfield>
   </datafield>
   <datafield tag="653" ind2=" " ind1=" ">
      <subfield code="a">Catálisis</subfield>
   </datafield>
   <datafield tag="653" ind2=" " ind1=" ">
      <subfield code="a">Pentosas</subfield>
   </datafield>
   <datafield ind2="0" ind1="0" tag="245">
      <subfield code="a">Recovery of pentoses-containing olive stones for their conversion into furfural in the presence of solid acid catalysts</subfield>
   </datafield>
</record>
</metadata></record></GetRecord></OAI-PMH>